[Event "AUTO-OPEN-4069"]
[Site "http://www.queenalice.com/game.php?id=1574836"]
[Date "2019.6.18"]
[Round "1"]
[White "nemesisdebogota"]
[Black "SubRoger"]
[Result "0-1"]
[WhiteElo "2083"]
[BlackElo "2027"]

1. d4 d5 2. c4 e6 3. Nc3 c6 4. Nf3 f5 5. e3 Nf6 6. Bd3 Bd6 7. O-O O-O 8. c5 Bc7
9. b4 Nbd7 10. Bb2 Qe7 11. Qc2 Ne4 12. Nd2 Bxh2+ 13. Kxh2 Qh4+ 14. Kg1 Nxd2 15.
Qxd2 Rf6 16. f4 Rh6 17. Rf3 Qh2+ 18. Kf2 Nf6 19. Ke1 Ng4 20. Kd1 Qh5 21. Rh3 Qg6
22. Rxh6 Qxh6 23. Kc2 a5 24. b5 Bd7 25. b6 Qh4 26. Rf1 a4 27. a3 Be8 28. Qe1 Qh2
29. Qe2 Qh4 30. Qe1 Qh2 31. Qd2 Qg3 32. Rf3 Qh4 33. Rh3 Qf6 34. Kb1 Bg6 35. Bc2
Qe7 36. Bxa4 Nf6 37. Bd1 Qe8 38. Qe1 Bf7 39. Qh4 Kf8 40. g4 fxg4 41. Bxg4 Nxg4
42. Qxg4 Bg6+ 43. Kc1 Bf5 44. Qh5 Bxh3 45. Qxh3 Kg8 46. e4 Qg6 47. e5 Re8 48.
Ne2 Qe4 49. Kd2 Qb1 50. Bc1 Qa2+ 51. Ke1 Qc2 52. Qc3 Qxc3+ 53. Nxc3 Kf7 54. Kf2
Kg6 55. Kg2 Kf5 56. Kf3 h6 57. Ne2 Ra8 0-1

[Event "AUTO-OPEN-4069"]
[Site "http://www.queenalice.com/game.php?id=1574855"]
[Date "2019.6.18"]
[Round "1"]
[White "cevil01"]
[Black "nemesisdebogota"]
[Result "1-0"]
[WhiteElo "2177"]
[BlackElo "2133"]

1. e4 e6 2. d4 d5 3. Nc3 Nf6 4. exd5 exd5 5. Bd3 c6 6. Nf3 Be7 7. O-O Bg4 8. Be3
O-O 9. a3 Nbd7 10. Be2 b5 11. h3 Bxf3 12. Bxf3 a5 13. Qd2 b4 14. axb4 Bxb4 15.
Qd3 Qc7 16. Ne2 Rfe8 17. c3 Bd6 18. b3 Reb8 19. c4 dxc4 20. bxc4 Bb4 21. c5 Re8
22. Ng3 Rad8 23. Nf5 Ne5 24. Qe2 Nxf3+ 25. Qxf3 Nd5 26. Nd6 Re6 27. Qh5 g6 28.
Qg5 Bc3 29. Rab1 Rb8 30. Qg3 a4 31. Qf3 Rxd6 32. cxd6 Qxd6 33. Rbc1 a3 34. Rxc3
Nxc3 35. Bh6 Qxd4 36. Qxc6 a2 37. Qc7 Ra8 38. Kh2 Nb5 39. Qb7 a1=Q 40. Rxa1 Qxa1
41. Qxb5 Qf6 42. f4 Qd4 43. Qc6 Rd8 44. h4 1-0

[Event "AUTO-OPEN-4069"]
[Site "http://www.queenalice.com/game.php?id=1574856"]
[Date "2019.6.18"]
[Round "1"]
[White "nemesisdebogota"]
[Black "cevil01"]
[Result "0-1"]
[WhiteElo "2122"]
[BlackElo "2188"]

1. Nf3 Nc6 2. c4 e5 3. d3 Nf6 4. g3 Bb4+ 5. Bd2 d6 6. Bg2 Bd7 7. O-O a6 8. Nc3
O-O 9. a3 Bxc3 10. Bxc3 Qc8 11. Qc2 h6 12. d4 exd4 13. Nxd4 Nh7 14. Nxc6 bxc6
15. b4 Rb8 16. e4 Be6 17. Bd2 Bh3 18. Rfe1 Bxg2 19. Kxg2 Qe6 20. f4 Qd7 21. Rad1
Rfe8 22. Bc3 Qe6 23. Bb2 Ra8 24. Qc3 f6 25. e5 fxe5 26. fxe5 d5 27. cxd5 cxd5
28. h4 c6 29. Rf1 Rf8 30. Rde1 Ra7 31. Rxf8+ Nxf8 32. Rc1 Qg4 33. Qf3 Qe6 34.
Rf1 Rf7 35. Qxf7+ Qxf7 36. Rxf7 Kxf7 37. Kf3 Ke6 38. h5 g6 39. g4 g5 40. Bd4 Nd7
41. Kf2 Nxe5 42. Kg3 Nc4 0-1

[Event "AUTO-MASTER-2784"]
[Site "http://www.queenalice.com/game.php?id=1581974"]
[Date "2019.8.30"]
[Round "2"]
[White "nemesisdebogota"]
[Black "pomar"]
[Result "0-1"]
[WhiteElo "2099"]
[BlackElo "2092"]

1. e4 e6 2. d4 d5 3. e5 c5 4. c3 Qb6 5. Nf3 Nc6 6. Be2 cxd4 7. cxd4 Nge7 8. Nc3
Nf5 9. Na4 Qc7 10. O-O Be7 11. g4 Nh6 12. h3 Bd7 13. Bd2 f6 14. Bxh6 gxh6 15.
Rc1 Qa5 16. a3 fxe5 17. dxe5 Nxe5 18. Nxe5 Bxa4 19. Qd4 Bf6 20. b4 Qd8 21. f4 a6
22. Qf2 O-O 23. Qe3 Rc8 24. Rxc8 Qxc8 25. Rc1 Qd8 26. Bd3 Qe7 27. Bb1 Qd6 0-1

[Event "AUTO-MASTER-2784"]
[Site "http://www.queenalice.com/game.php?id=1581975"]
[Date "2019.8.30"]
[Round "2"]
[White "pomar"]
[Black "nemesisdebogota"]
[Result "1-0"]
[WhiteElo "2075"]
[BlackElo "2112"]

1. f3 d5 2. Kf2 e5 3. e3 Nf6 4. c4 d4 5. d3 c5 6. g3 Nc6 7. Bh3 Be7 8. Bxc8 Rxc8
9. e4 h6 10. Kg2 O-O 11. Nh3 Qd7 12. f4 exf4 13. Nxf4 Ng4 14. Rf1 a6 15. h3 Ne3+
16. Bxe3 dxe3 17. Qe2 Bf6 18. Nc3 Nd4 19. Qd1 b5 20. Ncd5 bxc4 21. dxc4 Bd8 22.
Nxe3 Qb7 23. Nfd5 Qxb2+ 24. Rf2 Qb8 25. Rb1 Qd6 26. Rb7 Rb8 27. Qb1 Rxb7 28.
Qxb7 Qe5 29. Nc3 Bc7 30. Nf1 1-0

[Event "AUTO-OPEN-4057"]
[Site "http://www.queenalice.com/game.php?id=1602523"]
[Date "2020.3.14"]
[Round "3"]
[White "RaulSoft"]
[Black "nemesisdebogota"]
[Result "1-0"]
[WhiteElo "2608"]
[BlackElo "2063"]

1. d4 Nf6 2. c4 e6 3. Nf3 Bb4+ 4. Bd2 Bxd2+ 5. Qxd2 O-O 6. Nc3 d5 7. e3 c6 8.
cxd5 exd5 9. Bd3 Re8 10. O-O Nbd7 11. Qc2 h6 12. a3 a5 13. Rfe1 Nb6 14. Ne5 Be6
15. Rad1 Nfd7 16. f4 Nxe5 17. dxe5 Bg4 18. Rc1 d4 19. Ne4 dxe3 20. Nd6 Re7 21.
Rxe3 Nd5 22. Rg3 Bc8 23. Qd2 g6 24. f5 g5 25. Rxg5+ Kh8 26. Rg3 Qf8 27. f6 Rxe5
28. Qxh6+ 1-0

[Event "AUTO-OPEN-4057"]
[Site "http://www.queenalice.com/game.php?id=1602524"]
[Date "2020.3.14"]
[Round "3"]
[White "nemesisdebogota"]
[Black "RaulSoft"]
[Result "0-1"]
[WhiteElo "2065"]
[BlackElo "2610"]

1. d4 d5 2. c4 e6 3. Nf3 Nf6 4. e3 Bd6 5. Nc3 O-O 6. Bd3 dxc4 7. Bxc4 c5 8. dxc5
Bxc5 9. Qc2 b6 10. O-O Nbd7 11. Rd1 Bb7 12. Ng5 Qc7 13. h3 Ne5 14. Bf1 h6 15.
Nge4 Be7 16. Nxf6+ Bxf6 17. Bd2 Rfd8 18. Rac1 Qc6 19. Nb5 Nf3+ 20. Kh1 Qxc2 21.
Rxc2 Be4 22. Rc4 Nxd2 0-1

[Event "AUTO-MASTER-3022"]
[Site "http://www.queenalice.com/game.php?id=1641143"]
[Date "2021.1.23"]
[Round "1"]
[White "Rutty"]
[Black "nemesisdebogota"]
[Result "1-0"]
[WhiteElo "2123"]
[BlackElo "2022"]

1. e4 e6 2. d4 d5 3. e5 c5 4. c3 Nc6 5. Nf3 Qb6 6. Be2 cxd4 7. cxd4 Bb4+ 8. Nc3
Bd7 9. Bd2 Nge7 10. a3 Bxc3 11. Bxc3 O-O 12. O-O f6 13. exf6 Rxf6 14. b4 a6 15.
Rc1 Raf8 16. Rc2 Na7 17. Ra2 Ng6 18. Bd3 Nf4 19. Ne5 Bb5 20. Bxb5 Qxb5 21. a4
Qe8 22. b5 axb5 23. Bb4 Rg6 24. Nxg6 Qxg6 25. Qf3 Rf5 26. Qg3 Qf6 27. Bc5 Rg5
28. Bxa7 Rxg3 29. fxg3 Qd8 30. Rxf4 b6 31. axb5 Qc7 32. Raf2 h6 33. Rf8+ Kh7 34.
Bb8 Qc1+ 35. Rf1 Qe3+ 36. Kh1 Qxd4 37. h4 e5 38. Re8 e4 39. Be5 1-0

[Event "AUTO-MASTER-3022"]
[Site "http://www.queenalice.com/game.php?id=1641144"]
[Date "2021.1.23"]
[Round "1"]
[White "nemesisdebogota"]
[Black "Rutty"]
[Result "0-1"]
[WhiteElo "1963"]
[BlackElo "2117"]

1. d4 d5 2. c4 c6 3. Nf3 Nf6 4. e3 Bg4 5. Nbd2 e6 6. Qb3 Qc7 7. Bd3 Be7 8. O-O
Bxf3 9. Nxf3 O-O 10. cxd5 cxd5 11. Bd2 Nc6 12. Rfc1 a6 13. a4 Ne4 14. Bxe4 dxe4
15. Ne5 Bd6 16. f4 Bxe5 17. dxe5 Rfd8 18. Be1 Rd3 19. Rc3 Rad8 20. Rac1 Rxc3 21.
Qxc3 Qd7 22. h3 Qd3 23. Bh4 Qxc3 24. Rxc3 Rd5 25. Rb3 Rd7 26. Rc3 h6 27. Kh2 Rd3
28. Rxd3 exd3 29. Be1 f6 30. exf6 gxf6 31. g4 e5 32. Kg3 Kf7 33. Kf3 Ke6 34. f5+
Kd5 35. e4+ Kc4 36. Ke3 b5 37. axb5 axb5 38. h4 Nd4 39. Bc3 Nc2+ 40. Kd2 Nd4 41.
Kd1 Nf3 42. Bd2 Kd4 43. Bxh6 Kxe4 44. h5 Kd4 45. Bg7 e4 46. Bxf6+ Kd5 47. h6 e3
48. Bc3 Ng5 49. Bf6 e2+ 50. Ke1 Nf3+ 0-1

[Event "AUTO-MASTER-3022"]
[Site "http://www.queenalice.com/game.php?id=1641161"]
[Date "2021.1.23"]
[Round "1"]
[White "nemesisdebogota"]
[Black "chessman"]
[Result "1/2-1/2"]
[WhiteElo "2028"]
[BlackElo "1878"]

1. d4 d5 2. c4 c6 3. Nf3 Nf6 4. e3 e6 5. a4 Be7 6. Nc3 O-O 7. Bd3 Re8 8. O-O
Nbd7 9. b3 a6 10. Ba3 Nf8 11. c5 Ng6 12. b4 b6 13. cxb6 Qxb6 14. a5 Qc7 15. Rc1
Rb8 16. Rb1 Bd6 17. h3 Bb7 18. Na4 Nd7 19. Qe2 e5 20. dxe5 Ngxe5 21. Nxe5 Nxe5
22. Bxa6 Bxa6 23. Qxa6 h6 24. Nb6 Nd7 25. Nxd7 Qxd7 26. Rfd1 Be5 27. Qd3 Rb5 28.
Rdc1 Bc7 29. Qd4 Qd6 30. Bb2 f6 31. f4 Qxb4 32. Bc3 Qxd4 33. Bxd4 Bxa5 34. Rxb5
cxb5 35. Rc5 Bd2 36. Rxb5 Bxe3+ 37. Bxe3 Rxe3 38. Rxd5 Kf7 39. Kf2 Re7 40. f5
Ra7 41. g4 Re7 42. h4 Kg8 43. Rd4 Kf7 44. h5 Kf8 45. Rd8+ Kf7 46. Ra8 Rb7 47.
Kf3 Rc7 48. Ra3 Rb7 49. Kg3 1/2-1/2

[Event "AUTO-MASTER-3022"]
[Site "http://www.queenalice.com/game.php?id=1641162"]
[Date "2021.1.23"]
[Round "1"]
[White "chessman"]
[Black "nemesisdebogota"]
[Result "1/2-1/2"]
[WhiteElo "2007"]
[BlackElo "2061"]

1. e4 e6 2. d4 d5 3. e5 c5 4. c3 Nc6 5. f4 Qb6 6. Nf3 Nh6 7. Bd3 cxd4 8. cxd4
Bb4+ 9. Nc3 Nf5 10. Bxf5 exf5 11. O-O Be6 12. a3 Bxc3 13. bxc3 O-O 14. Ng5 Qa5
15. Bd2 Qc7 16. g4 h6 17. gxf5 Bxf5 18. Nf3 Qd7 19. Kh1 Be4 20. Rg1 Qf5 21. Qe2
Bxf3+ 22. Qxf3 Rfd8 23. Rg2 Kh7 24. Qe3 Ne7 25. Rag1 g6 26. Qe2 a6 27. Qe3 b5
28. Qg3 1/2-1/2

[Event "AUTO-MASTER-3022"]
[Site "http://www.queenalice.com/game.php?id=1641163"]
[Date "2021.1.23"]
[Round "1"]
[White "nemesisdebogota"]
[Black "JailtonMaster"]
[Result "0-1"]
[WhiteElo "1947"]
[BlackElo "1580"]

1. d4 d5 2. Nf3 Nf6 3. c4 c6 4. e3 e6 5. Nc3 Bb4 6. a3 Ba5 7. b4 Bb6 8. Bb2 O-O
9. Bd3 Nbd7 10. O-O a5 11. c5 Bc7 12. b5 Qe7 13. b6 Bd8 14. Qc2 h6 15. h3 Re8
16. Rae1 e5 17. dxe5 Ne4 18. Nxe4 dxe4 19. Bxe4 Nxc5 20. Nd2 Bxb6 21. Nc4 Bc7
22. Bf5 Bxf5 23. Qxf5 b5 24. Nd6 Bxd6 25. exd6 Qxd6 26. Rd1 Qe7 27. Rd4 Ne6 28.
Rg4 f6 0-1

[Event "AUTO-MASTER-3022"]
[Site "http://www.queenalice.com/game.php?id=1641164"]
[Date "2021.1.23"]
[Round "1"]
[White "JailtonMaster"]
[Black "nemesisdebogota"]
[Result "1-0"]
[WhiteElo "1610"]
[BlackElo "1917"]

1. d4 Nf6 2. c4 g6 3. Nf3 Bg7 4. Nc3 d6 5. g3 Nbd7 6. Bg2 c6 7. O-O O-O 8. e4 e5
9. d5 cxd5 10. cxd5 Nc5 11. Bg5 Qb6 12. Qe2 Bd7 13. a3 a5 14. Rab1 a4 15. Nd2
Qa6 16. Qxa6 Rxa6 17. Rfe1 b5 18. f4 exf4 19. Bxf4 Re8 20. Re2 Bf8 21. Rbe1 Nd3
22. Rb1 Nxf4 23. gxf4 Bh6 24. Rf1 Rb6 25. e5 dxe5 26. Rxe5 Rxe5 27. fxe5 Bxd2
28. exf6 Bf5 29. Ne4 1-0

[Event "AUTO-MASTER-3044"]
[Site "http://www.queenalice.com/game.php?id=1758612"]
[Date "2021.5.4"]
[Round "1"]
[White "nemesisdebogota"]
[Black "Rog3rJJ"]
[Result "0-1"]
[WhiteElo "1953"]
[BlackElo "2193"]

1. Nf3 Nf6 2. g3 g6 3. Bg2 Bg7 4. c4 O-O 5. O-O c5 6. Nc3 Nc6 7. e3 d6 8. d4
cxd4 9. exd4 Bg4 10. h3 Bf5 11. Be3 Qc7 12. Nh4 Bd7 13. Qd2 Rad8 14. Nb5 Qc8 15.
Rac1 Bxh3 16. Rfd1 Bxg2 17. Nxg2 e5 18. d5 Ne7 19. f3 a6 20. Na3 Qh3 21. Kf2 Nf5
0-1

[Event "AUTO-MASTER-3044"]
[Site "http://www.queenalice.com/game.php?id=1758613"]
[Date "2021.5.4"]
[Round "1"]
[White "Rog3rJJ"]
[Black "nemesisdebogota"]
[Result "1-0"]
[WhiteElo "2134"]
[BlackElo "1973"]

1. e4 e6 2. d4 d5 3. Nc3 Bb4 4. e5 Ne7 5. a3 Bxc3+ 6. bxc3 O-O 7. Bd3 c5 8. Nh3
Nbc6 9. Bxh7+ Kxh7 10. Qh5+ Kg8 11. Ng5 Re8 12. Qh7+ Kf8 13. Qh8+ Ng8 14. Nh7+
1-0

[Event "AUTO-MASTER-3044"]
[Site "http://www.queenalice.com/game.php?id=1758614"]
[Date "2021.5.4"]
[Round "1"]
[White "nemesisdebogota"]
[Black "Wecker"]
[Result "0-1"]
[WhiteElo "2010"]
[BlackElo "1931"]

1. d4 c6 2. e4 d5 3. e5 Bf5 4. Nf3 e6 5. Bd3 f6 6. Bxf5 exf5 7. O-O fxe5 8. Nxe5
Nf6 9. Bg5 Be7 10. Bxf6 Bxf6 11. Qh5+ g6 0-1

[Event "AUTO-MASTER-3044"]
[Site "http://www.queenalice.com/game.php?id=1758615"]
[Date "2021.5.4"]
[Round "1"]
[White "Wecker"]
[Black "nemesisdebogota"]
[Result "1-0"]
[WhiteElo "1950"]
[BlackElo "1991"]

1. e4 e6 2. d4 d5 3. e5 c5 4. f4 cxd4 5. Nf3 Bb4+ 6. Bd2 Nc6 7. Bxb4 Nxb4 8.
Nxd4 a6 9. c3 Nc6 10. Nd2 Nxd4 11. cxd4 1-0